[Event "OP-2010-0-01211"]
[Site "LSS email"]
[Date "2010.07.22"]
[Round "?"]
[White "Togonon, Ted"]
[Black "Lebduska, Daniel"]
[Result "0-1"]
[WhiteElo "994"]
[BlackElo "525"]
[PlyCount "28"]
[EventDate "2010.07.15"]
[EventType "tourn (corr)"]
[EventRounds "4"]
[EventCountry "GER"]
[SourceTitle "Corr 2015"]
[Source "ChessBase"]
[SourceDate "2015.07.17"]
[SourceVersion "1"]
[SourceVersionDate "2015.07.17"]
[SourceQuality "1"]

1. e4 e5 2. Nf3 d6 3. Bc4 h6 4. Nc3 Nf6 5. d3 Nc6 6. h3 Be7 7. Be3 a6 8. a4 0-0 9. 0-0 Bd7 10. Qd2 Nd4 11. Bxd4 exd4 12. Nxd4 Qc8 13. Qe3 c5 14. Nde2 b5 0-1

[Event "IECC CL4-2009.05 email"]
[Site "IECC email"]
[Date "2009.06.05"]
[Round "?"]
[White "Togonon, Ted"]
[Black "Basson, Heinrich"]
[Result "1-0"]
[WhiteElo "1642"]
[BlackElo "1730"]
[PlyCount "37"]
[EventDate "2009.??.??"]
[EventType "tourn (corr)"]
[EventRounds "4"]
[SourceTitle "Corr 2011"]
[Source "ChessBase"]
[SourceDate "2010.08.31"]
[SourceVersion "1"]
[SourceVersionDate "2010.08.31"]
[SourceQuality "1"]
[WhiteTeam "Philippines"]
[BlackTeam "South Africa"]
[WhiteTeamCountry "PHI"]
[BlackTeamCountry "RSA"]

1. e4 e5 2. Nf3 Nf6 3. Nxe5 Qe7 4. Nf3 Qxe4+ 5. Be2 Be7 6. d4 0-0 7. 0-0 d5 8. Bd3 Qe6 9. Re1 Qd6 10. Ne5 Re8 11. Bf4 Qb6 12. Nc3 Bd6 13. Bg5 Nbd7 14. Nxd5 Nxd5 15. Bxh7+ Kf8 16. Qh5 Bxe5 17. dxe5 Rxe5 18. Rxe5 Nxe5 19. Be4 1-0

[Event "IECC CL4-2009.04 email"]
[Site "IECC email"]
[Date "2009.06.01"]
[Round "?"]
[White "Schwenger, Kurt"]
[Black "Togonon, Ted"]
[Result "0-1"]
[WhiteElo "1685"]
[BlackElo "1659"]
[PlyCount "58"]
[EventDate "2009.??.??"]
[EventType "tourn (corr)"]
[EventRounds "4"]
[SourceTitle "Corr 2011"]
[Source "ChessBase"]
[SourceDate "2010.08.31"]
[SourceVersion "1"]
[SourceVersionDate "2010.08.31"]
[SourceQuality "1"]
[WhiteTeam "Germany"]
[BlackTeam "Philippines"]
[WhiteTeamCountry "GER"]
[BlackTeamCountry "PHI"]

1. e4 e5 2. Nf3 Nc6 3. Bc4 Nf6 4. d4 exd4 5. e5 d5 6. Bb5 Ne4 7. Nxd4 Bd7 8. Bxc6 bxc6 9. 0-0 Bc5 10. f3 Ng5 11. f4 Ne4 12. Be3 Qb8 13. Qc1 Bxd4 14. Bxd4 c5 15. Bf2 Nxf2 16. Rxf2 0-0 17. c4 d4 18. Nd2 Qb6 19. Ne4 Rae8 20. Qe1 f6 21. exf6 Rf7 22. h3 Qe6 23. Re2 d3 24. Re3 Bc6 25. Qf2 Bxe4 26. f5 Qxf6 27. Rae1 Qd4 28. g4 g6 29. Rxe4 Rxe4 0-1

[Event "IECC CL4-2009.04 email"]
[Site "IECC email"]
[Date "2009.06.01"]
[Round "?"]
[White "Togonon, Ted"]
[Black "Maggiora, Aldo"]
[Result "1/2-1/2"]
[WhiteElo "1660"]
[BlackElo "1659"]
[PlyCount "39"]
[EventDate "2009.??.??"]
[EventType "tourn (corr)"]
[EventRounds "4"]
[SourceTitle "Corr 2011"]
[Source "ChessBase"]
[SourceDate "2010.08.31"]
[SourceVersion "1"]
[SourceVersionDate "2010.08.31"]
[SourceQuality "1"]
[WhiteTeam "Philippines"]
[BlackTeam "Italy"]
[WhiteTeamCountry "PHI"]
[BlackTeamCountry "ITA"]

1. e4 e6 2. d4 d5 3. exd5 exd5 4. Bd3 Nf6 5. Nf3 Bd6 6. 0-0 0-0 7. Bg5 Bg4 8. Nbd2 Nbd7 9. c4 dxc4 10. Nxc4 Nb6 11. Re1 Nxc4 12. Bxc4 h6 13. Bh4 Bf4 14. Re4 Bg5 15. Bxg5 hxg5 16. Re3 c6 17. Qd3 Bxf3 18. Rxf3 g4 19. Rf5 Qd6 20. Rg5 1/2-1/2

[Event "IECC CL4-2009.04 email"]
[Site "IECC email"]
[Date "2009.06.01"]
[Round "?"]
[White "Togonon, Ted"]
[Black "Salazar Moran, Alejandro Fortunato"]
[Result "1/2-1/2"]
[WhiteElo "1661"]
[BlackElo "1650"]
[PlyCount "32"]
[EventDate "2009.??.??"]
[EventType "tourn (corr)"]
[EventRounds "4"]
[SourceTitle "Corr 2011"]
[Source "ChessBase"]
[SourceDate "2010.08.31"]
[SourceVersion "1"]
[SourceVersionDate "2010.08.31"]
[SourceQuality "1"]
[WhiteTeam "Philippines"]
[BlackTeam "Ecuador"]
[WhiteTeamCountry "PHI"]
[BlackTeamCountry "ECU"]

1. d4 d5 2. Nf3 Nf6 3. c4 e6 4. Nc3 Be7 5. g3 0-0 6. Bg2 dxc4 7. Ne5 c5 8. dxc5 Qxd1+ 9. Nxd1 Bxc5 10. 0-0 Nbd7 11. Nxc4 Nd5 12. Nc3 Nxc3 13. bxc3 Nb6 14. Be3 Bxe3 15. Nxe3 Rb8 16. a4 Bd7 1/2-1/2

[Event "IECC Swiss-543.1"]
[Site "IECC email"]
[Date "2009.05.25"]
[Round "?"]
[White "Rosenstein, David"]
[Black "Togonon, Ted"]
[Result "1/2-1/2"]
[WhiteElo "1568"]
[BlackElo "1664"]
[PlyCount "65"]
[EventDate "2009.??.??"]
[EventType "tourn (corr)"]
[EventRounds "1"]
[SourceTitle "Telechess CBM 137"]
[Source "ChessBase"]
[SourceDate "2010.07.15"]
[SourceVersion "1"]
[SourceVersionDate "2010.07.15"]
[SourceQuality "1"]
[WhiteTeam "Israel"]
[BlackTeam "Philippines"]
[WhiteTeamCountry "ISR"]
[BlackTeamCountry "PHI"]

1. e3 d5 2. d3 Nf6 3. h3 e5 4. Nd2 Be7 5. a3 c5 6. b3 Nc6 7. Bb2 0-0 8. Be2 d4 9. e4 Be6 10. Nf1 b5 11. Bc1 c4 12. Nf3 cxb3 13. cxb3 Nh5 14. N3h2 Nf4 15. Bxf4 exf4 16. Nd2 Ne5 17. Nhf3 f6 18. 0-0 Qb6 19. a4 a6 20. Qc2 Bb4 21. axb5 axb5 22. Nxe5 fxe5 23. Bg4 Bxg4 24. hxg4 Bc3 25. Rxa8 Rxa8 26. Nf3 Qe6 27. Rc1 b4 28. g5 Ra5 29. Kf1 Qf7 30. Qd1 Qe7 31. Rb1 Ra2 32. Kg1 Kf8 33. Kf1 1/2-1/2

[Event "IECC CL3-2003.13 email"]
[Site "IECC email"]
[Date "2003.05.23"]
[Round "?"]
[White "Holanda, Dogeval Ferreira"]
[Black "Togonon, Ted"]
[Result "1/2-1/2"]
[WhiteElo "1829"]
[BlackElo "1895"]
[PlyCount "42"]
[EventDate "2003.??.??"]
[EventType "tourn (corr)"]
[EventRounds "4"]
[SourceTitle "Corr 2008"]
[Source "ChessBase"]
[SourceDate "2008.06.24"]
[SourceVersion "1"]
[SourceVersionDate "2008.06.24"]
[SourceQuality "1"]

1. d4 d5 2. c4 c6 3. e3 Nf6 4. Nf3 e6 5. Nbd2 Nbd7 6. Bd3 Bb4 7. 0-0 0-0 8. Qc2 Bd6 9. Rd1 e5 10. cxd5 cxd5 11. dxe5 Nxe5 12. Nxe5 Bxe5 13. Nf3 Qd6 14. h3 Be6 15. Bd2 Rfc8 16. Qb3 b6 17. Ba6 d4 18. Qb5 Bc4 19. Qxe5 Qxe5 20. Nxe5 Bxa6 21. exd4 Rc2 1/2-1/2

[Event "IECC KO email"]
[Site "IECC email"]
[Date "2003.05.23"]
[Round "?"]
[White "Togonon, Ted"]
[Black "Hasidume, Shuji"]
[Result "1-0"]
[WhiteElo "1889"]
[BlackElo "1223"]
[PlyCount "35"]
[EventDate "2003.??.??"]
[EventType "tourn (corr)"]
[EventRounds "6"]
[SourceTitle "Corr 2008"]
[Source "ChessBase"]
[SourceDate "2008.06.24"]
[SourceVersion "1"]
[SourceVersionDate "2008.06.24"]
[SourceQuality "1"]

1. e4 e5 2. Nf3 Nc6 3. Bb5 a6 4. Ba4 Nf6 5. 0-0 Nxe4 6. d4 b5 7. Bb3 d5 8. dxe5 Bc5 9. Qxd5 Qxd5 10. Bxd5 Bb7 11. Bxe4 0-0 12. Nc3 Nb8 13. Bxb7 Ra7 14. Be4 Nd7 15. Bf4 Re8 16. Bc6 Rd8 17. Rad1 b4 18. Ne4 1-0

[Event "IECG QN.2003.0.00268 email "]
[Site "IECG email"]
[Date "2003.04.03"]
[Round "?"]
[White "Deas, John"]
[Black "Togonon, Ted"]
[Result "1-0"]
[WhiteElo "971"]
[BlackElo "800"]
[PlyCount "51"]
[EventDate "2003.04.03"]
[EventType "tourn (corr)"]
[EventRounds "6"]
[SourceTitle "Corr 2008"]
[Source "ChessBase"]
[SourceDate "2008.06.24"]
[SourceVersion "1"]
[SourceVersionDate "2008.06.24"]
[SourceQuality "1"]

1. e4 e5 2. Nf3 Nc6 3. d4 exd4 4. c3 dxc3 5. Bc4 d6 6. Nxc3 Nf6 7. Bg5 h6 8. Bxf6 Qxf6 9. Nd5 Qd8 10. 0-0 Be7 11. Rc1 0-0 12. Nf4 Bf6 13. b3 Bg4 14. Qd3 Nb4 15. Qe3 Nxa2 16. Rcd1 Bxf3 17. Qxf3 Nc3 18. Rd2 Re8 19. Re1 Qd7 20. Nh5 Be5 21. Qd3 b5 22. Bd5 c6 23. f4 Nxd5 24. exd5 Bxf4 25. dxc6 Rxe1+ 26. Kf2 1-0

[Event "IECG QN.2003.0.00268 email "]
[Site "IECG email"]
[Date "2003.04.03"]
[Round "?"]
[White "Togonon, Ted"]
[Black "Deas, John"]
[Result "0-1"]
[WhiteElo "800"]
[BlackElo "971"]
[PlyCount "50"]
[EventDate "2003.04.03"]
[EventType "tourn (corr)"]
[EventRounds "6"]
[SourceTitle "Corr 2008"]
[Source "ChessBase"]
[SourceDate "2008.06.24"]
[SourceVersion "1"]
[SourceVersionDate "2008.06.24"]
[SourceQuality "1"]

1. e4 e6 2. d4 d5 3. Nd2 c5 4. dxc5 Nf6 5. exd5 Qxd5 6. Nb3 Qf5 7. Bd3 Qe5+ 8. Qe2 Qc7 9. Nf3 Bxc5 10. Nxc5 Qxc5 11. 0-0 0-0 12. Re1 Nc6 13. b3 Re8 14. Bb2 Qe7 15. Bb5 Bd7 16. c4 Rac8 17. Rad1 Red8 18. Nh4 a6 19. Nf5 exf5 20. Qxe7 Nxe7 21. Bxf6 gxf6 22. Bxd7 Rxd7 23. Rxd7 Nc6 24. Rxb7 Rf8 25. Rb6 Nd4 0-1